[Event "NVM U16 2015"]
[Site "Kiel"]
[Date "2015.09.13"]
[Round "7.1"]
[White "Schumacher, Ole"]
[Black "Stelmaszyk, Nico"]
[Result "0-1"]
[WhiteElo "1673"]
[BlackElo "1611"]
[PlyCount "106"]
[EventDate "2015.??.??"]
[WhiteTeam "SF Schwerin"]
[BlackTeam "SK Lehrte von 1919 e. V."]

1. e4 e5 2. f4 exf4 3. Nf3 Be7 4. Bc4 Bh4+ 5. Kf1 d6 6. d4 Nc6 7. Nc3 Bg4 8.
Bb5 a6 9. Bxc6+ bxc6 10. Bxf4 Ne7 11. h3 Bxf3 12. Qxf3 Ng6 13. Be3 O-O 14. g3
Bg5 15. Kg2 Rb8 16. b3 Bxe3 17. Qxe3 Qd7 18. h4 f5 19. Raf1 f4 20. gxf4 Qg4+
21. Qg3 Nxf4+ 22. Kh2 Qxg3+ 23. Kxg3 Ne6 24. Ne2 a5 25. c3 c5 26. Nf4 Nxf4 27.
Rxf4 Rxf4 28. Kxf4 cxd4 29. cxd4 Kf7 30. Rc1 Rb7 31. Rc6 Ke7 32. Ra6 Rb5 33.
Ra7 Kd7 34. Ra8 Rh5 35. Kg4 g6 36. d5 Re5 37. Kf4 Rh5 38. Rxa5 Rxh4+ 39. Kf3 g5
40. Ra8 h5 41. Rg8 Rh3+ 42. Kg2 g4 43. Rb8 Re3 44. a4 Rxe4 45. Kg3 Re3+ 46. Kf2
Rd3 47. a5 Rxd5 48. b4 Rd2+ 49. Kg1 Ra2 50. Rg8 Ra4 51. Ra8 Rxb4 52. a6 Ra4 53.
a7 Kc6 0-1

[Event "NVM U16 2015"]
[Site "Kiel"]
[Date "2015.09.13"]
[Round "7.2"]
[White "Brockmeyer, Tobias"]
[Black "Focke, Adrian"]
[Result "0-1"]
[WhiteElo "1524"]
[BlackElo "1643"]
[PlyCount "52"]
[EventDate "2015.??.??"]
[WhiteTeam "SK Lehrte von 1919 e. V."]
[BlackTeam "SF Schwerin"]

1. d4 d5 2. c4 e6 3. Nc3 Nf6 4. cxd5 exd5 5. Bg5 Be7 6. e3 c6 7. Bd3 Nbd7 8.
Qc2 Nh5 9. Bxe7 Qxe7 10. Nf3 Nf4 11. O-O Nxd3 12. Qxd3 O-O 13. Rab1 Nf6 14. b4
Ne4 15. b5 Bf5 16. bxc6 bxc6 17. Rb3 Ng3 18. Qa6 Nxf1 19. Rb7 Bc8 20. Qxc6 Qxb7
21. Nxd5 Qxc6 22. Ne7+ Kh8 23. Nxc6 Bb7 24. Nce5 Bxf3 25. Nxf3 Nxe3 26. fxe3
Rfe8 0-1

[Event "NVM U16 2015"]
[Site "Kiel"]
[Date "2015.09.13"]
[Round "7.3"]
[White "Stuppe, Hannes"]
[Black "Thormann, Georg"]
[Result "1-0"]
[WhiteElo "1415"]
[BlackElo "1162"]
[PlyCount "95"]
[EventDate "2015.??.??"]
[WhiteTeam "SF Schwerin"]
[BlackTeam "SK Lehrte von 1919 e. V."]

1. e4 e6 2. d4 d5 3. exd5 exd5 4. Bd3 Bd6 5. Nf3 Nf6 6. Bg5 O-O 7. O-O Bg4 8.
Nbd2 Nbd7 9. h3 Bh5 10. c3 c6 11. Qc2 Qc7 12. Rfe1 Rfe8 13. b3 a6 14. c4 b5 15.
c5 Bf4 16. b4 a5 17. a3 a4 18. Rab1 Rab8 19. Ra1 Ra8 20. Bf5 Bxg5 21. Nxg5 h6
22. Ngf3 Rxe1+ 23. Rxe1 Re8 24. Rxe8+ Nxe8 25. g4 Bg6 26. Bxg6 fxg6 27. Qxg6
Nef6 28. Qf5 Nh7 29. h4 Ndf8 30. Ne5 Qe7 31. Ndf3 Qf6 32. Qxf6 Nxf6 33. g5 Ne4
34. Nxc6 Ne6 35. Ne7+ Kf8 36. Nxd5 hxg5 37. Nxg5 N4xg5 38. hxg5 Nxd4 39. Nc3
Ke7 40. f4 Kd7 41. Kf2 Kc6 42. Kg3 g6 43. Kg4 Kd7 44. Nd5 Nc2 45. f5 gxf5+ 46.
Kxf5 Nd4+ 47. Kf6 Ne6 48. g6 1-0

[Event "NVM U16 2015"]
[Site "Kiel"]
[Date "2015.09.13"]
[Round "7.4"]
[White "Meiwes, Thore"]
[Black "Kummer, Birte"]
[Result "1-0"]
[WhiteElo "1217"]
[BlackElo "1422"]
[PlyCount "93"]
[EventDate "2015.??.??"]
[WhiteTeam "SK Lehrte von 1919 e. V."]
[BlackTeam "SF Schwerin"]

1. e4 e5 2. Nf3 d6 3. d4 exd4 4. Nxd4 Nf6 5. Nc3 Be7 6. g3 O-O 7. Bg2 Re8 8.
O-O Nbd7 9. Be3 Ne5 10. h3 Nc4 11. Qd3 Nxe3 12. Qxe3 Nd7 13. b3 c6 14. Qd3 Bf6
15. Rfe1 Nc5 16. Qd2 Qa5 17. a3 Ne6 18. b4 Qe5 19. Nxe6 Qxc3 20. Qxc3 Bxc3 21.
Nc7 Bxa1 22. Rxa1 Re7 23. Nxa8 b6 24. Nxb6 axb6 25. c4 Bb7 26. c5 dxc5 27. bxc5
b5 28. Rd1 f6 29. f4 Kf7 30. f5 Re8 31. Rd7+ Re7 32. Rxe7+ Kxe7 33. Kf2 Bc8 34.
g4 Bd7 35. h4 h6 36. Kg3 Be8 37. Kf4 Kf7 38. e5 fxe5+ 39. Kxe5 Ke7 40. g5 hxg5
41. hxg5 Kd7 42. f6 gxf6+ 43. gxf6 Bf7 44. Bh3+ Ke8 45. Kd6 Bd5 46. Bd7+ Kf8
47. Bxc6 1-0

[Event "NVM U16 2015"]
[Site "Kiel"]
[Date "2015.09.13"]
[Round "7.1"]
[White "Reyher, Susan"]
[Black "Stockmann, Till"]
[Result "1/2-1/2"]
[WhiteElo "1562"]
[BlackElo "1508"]
[PlyCount "107"]
[EventDate "2015.??.??"]
[WhiteTeam "SV Glück auf Rüdersdorf e.V."]
[BlackTeam "VfL Gräfenhainichen"]

1. e4 e5 2. Bc4 Bc5 3. Nc3 Nf6 4. d3 Nc6 5. Bg5 h6 6. Be3 Bb6 7. Nge2 d6 8. O-O
Be6 9. Bb3 O-O 10. Bxb6 axb6 11. f4 Bxb3 12. axb3 Rxa1 13. Qxa1 d5 14. fxe5
Nxe5 15. exd5 Nxd5 16. Nxd5 Qxd5 17. Nc3 Qd4+ 18. Kh1 Ng4 19. h3 Ne3 20. Rf2
Qh4 21. Qg1 f5 22. g3 Qxh3+ 23. Rh2 Qf1 24. Rf2 Qxg1+ 25. Kxg1 Ng4 26. Rf3 Rf7
27. Nd5 Kf8 28. Nf4 g5 29. Ne6+ Ke8 30. Rxf5 Rxf5 31. Ng7+ Kd7 32. Nxf5 Kc6 33.
c3 Kd5 34. Kf1 Ke5 35. Nd4 Ne3+ 36. Ke2 Nf5 37. Nf3+ Kd5 38. g4 Ne7 39. Ke3 Ng6
40. d4 Nf4 41. c4+ Ke6 42. b4 c6 43. Ke4 b5 44. b3 bxc4 45. bxc4 b6 46. Ne5 Kd6
47. Nf7+ Ke6 48. Nxh6 b5 49. cxb5 cxb5 50. Nf5 Nd5 51. Ng7+ Kd6 52. Nf5+ Ke6
53. Ng7+ Kd6 54. Kf5 1/2-1/2

[Event "NVM U16 2015"]
[Site "Kiel"]
[Date "2015.09.13"]
[Round "7.2"]
[White "Richter, Philipp"]
[Black "Gohlke, Tobias"]
[Result "1/2-1/2"]
[WhiteElo "1496"]
[BlackElo "1446"]
[PlyCount "69"]
[EventDate "2015.??.??"]
[WhiteTeam "VfL Gräfenhainichen"]
[BlackTeam "SV Glück auf Rüdersdorf e.V."]

1. e4 e5 2. Nf3 Nc6 3. Bb5 a6 4. Ba4 Nf6 5. O-O Be7 6. c3 b5 7. Bb3 O-O 8. Re1
d6 9. d3 Bg4 10. Nbd2 Qd7 11. Nf1 a5 12. Ne3 Be6 13. Bc2 Ng4 14. d4 Nxe3 15.
Bxe3 Bg4 16. h3 Bxf3 17. Qxf3 Bf6 18. Rad1 a4 19. Qg3 Kh8 20. dxe5 Nxe5 21. f4
Nc4 22. e5 Be7 23. Bd4 Rg8 24. f5 dxe5 25. Bxe5 Bc5+ 26. Kh1 Bd6 27. f6 Nxe5
28. Rxe5 Bxe5 29. Qxg7+ Rxg7 30. fxg7+ Kxg7 31. Rxd7 a3 32. b3 Ra6 33. Rd5 Bxc3
34. Rxb5 Rc6 35. Rg5+ 1/2-1/2

[Event "NVM U16 2015"]
[Site "Kiel"]
[Date "2015.09.13"]
[Round "7.3"]
[White "Giese, Patrick"]
[Black "Koppe, Carl"]
[Result "1-0"]
[WhiteElo "1569"]
[BlackElo "1479"]
[PlyCount "89"]
[EventDate "2015.??.??"]
[WhiteTeam "SV Glück auf Rüdersdorf e.V."]
[BlackTeam "VfL Gräfenhainichen"]

1. e4 e5 2. Nf3 Nc6 3. Bc4 Bc5 4. c3 Nf6 5. d3 d6 6. O-O O-O 7. Bb3 Ne7 8. Nbd2
Ng6 9. Re1 Re8 10. Nf1 Be6 11. Ng3 Bxb3 12. Qxb3 Bb6 13. Be3 Bxe3 14. fxe3 b6
15. Rad1 c5 16. Ng5 Qc7 17. Rf1 h6 18. Nf3 a5 19. Rde1 a4 20. Qc2 c4 21. d4 b5
22. Nf5 Ne7 23. N3h4 Nxf5 24. Nxf5 Rf8 25. Nxh6+ Kh7 26. Nf5 Qc6 27. d5 Qd7 28.
Qf2 Rh8 29. Qg3 g6 30. Qg5 Ne8 31. Nh6 f6 32. Qg4 Qg7 33. Rf3 Qf8 34. Nf5 g5
35. Qh5+ Kg8 36. Qg6+ Ng7 37. Nh6+ Rxh6 38. Qxh6 Ne8 39. Qg6+ Qg7 40. Qf5 a3
41. Re2 axb2 42. Rxb2 Ra5 43. Rh3 Qa7 44. Qe6+ Qf7 45. Rh8+ 1-0

[Event "NVM U16 2015"]
[Site "Kiel"]
[Date "2015.09.13"]
[Round "7.4"]
[White "Wilhelm, Dominik"]
[Black "Richter, Robert"]
[Result "0-1"]
[WhiteElo "1193"]
[BlackElo "1396"]
[PlyCount "50"]
[EventDate "2015.??.??"]
[WhiteTeam "VfL Gräfenhainichen"]
[BlackTeam "SV Glück auf Rüdersdorf e.V."]

1. c4 Nf6 2. Nc3 e6 3. g3 d5 4. cxd5 exd5 5. d4 Be7 6. Bg2 c6 7. Nf3 O-O 8. O-O
h6 9. Re1 Be6 10. h3 Nbd7 11. Kh2 c5 12. Bf4 Rc8 13. e3 Ne4 14. Qc2 g5 15. Be5
Bf5 16. Qe2 Nxc3 17. bxc3 f6 18. Nxg5 hxg5 19. Bxd5+ Kg7 20. g4 Nxe5 21. dxe5
Qxd5 22. exf6+ Bxf6 23. gxf5 Qxf5 24. Rad1 Rh8 25. Qf1 g4 0-1